Kitchens (Record no. 218106)
[ view plain ]
| 000 -LEADER | |
|---|---|
| fixed length control field | 01213nam a2200313Ia 4500 |
| 082 04 - DEWEY DECIMAL CLASSIFICATION NUMBER | |
| Classification number | 305.9642 |
| 100 1# - MAIN ENTRY--AUTHOR NAME | |
| Personal name | Fine, Gary Alan. |
| 245 10 - TITLE STATEMENT | |
| Title | Kitchens |
| 250 ## - EDITION STATEMENT | |
| Edition statement | Updated ed. |
| 260 ## - PUBLICATION, DISTRIBUTION, ETC. (IMPRINT) | |
| Place of publication | Berkeley, CA ; |
| -- | London : |
| Name of publisher | University of CA Press, |
| Year of publication | 1996. |
| 300 ## - PHYSICAL DESCRIPTION | |
| Number of Pages | xi, 303 p. |
| 650 #0 - SUBJECT ADDED ENTRY--TOPICAL TERM | |
| Topical Term | Kitchens |
| Topical Term | Cooks |
| 856 40 - ELECTRONIC LOCATION AND ACCESS | |
| Uniform Resource Identifier | http://site.ebrary.com/lib/rucke/Doc?id=10508835 |
No items available.
